| 000 | 00421nam a2200145Ia 4500 | ||
|---|---|---|---|
| 008 | 211109s9999||||xx |||||||||||||| ||und|| | ||
| 082 |
_a230 _bSEB-P |
||
| 100 | _aSebastian, Rev M | ||
| 245 | 0 | _aPathrosinte Padivathil | |
| 260 |
_bS h LEAGUE, ALWAYE NORTH P.O KERALA _aINDIA _c1957 |
||
| 300 | _a153p. | ||
| 630 | _xGeneral Stack | ||
| 650 |
_aChristianity & Christian theology _vChristianity _xGeneralia |
||
| 942 | _cBOOK | ||
| 999 |
_c22844 _d22844 |
||